000 00588nam a2200217Ia 4500
008 180523s9999 xx 000 0 und d
020 _a81-7224-739-7
050 _aMAIN HD 69.T54
050 _b.M37 2003
100 _aMcRae, Bradley C.
245 0 _aPractical time management :
245 0 _bhow to get more things done in less time /
245 0 _cBradley C. McRae.
260 _aNew Delhi :
260 _bJaico Publishing,
260 _c2003
300 _a127 pages :
300 _c22 cm.
500 _aIncludes bibliographical references.
650 _aTime management.
999 _c356976
_d356976